Statistics for Daily Country Riddle #48

Click here to take the quiz!

General Stats

  • This quiz has been taken 107 times
  • The average score is 19 of 21

Answer Stats

TypeAnswer% Correct
Found LetterA
99%
Found LetterN
95%
Found LetterZ
95%
Found LetterA
94%
Correctly Placed LetterA
92%
Correctly Placed LetterZ
92%
Correctly Placed LetterA
90%
Found Letter
T
90%
Correctly Placed LetterA
89%
Found LetterA
89%
Correctly Placed LetterN
87%
Found LetterS
87%
Correctly Placed LetterS
86%
Found LetterH
85%
Correctly Placed LetterH
83%
Correctly Placed LetterK
83%
Found LetterK
83%
Found LetterK
83%
Correctly Placed LetterK
83%
Mystery CountryKazakhstan
83%
Correctly Placed LetterT
83%

Score Distribution

Percentile by Number Answered

Percent of People with Each Score

Your Score History

You have not taken this quiz